Statistics for Before You - Benson Boone (All Lyrics)

Click here to take the quiz!

General Stats

  • This quiz has been taken 18 times
  • The average score is 147 of 233

Answer Stats

Answer% Correct
Be
100%
I
92%
a
85%
of
85%
the
85%
To
85%
to
85%
you
85%
All
77%
all
77%
and
77%
And
77%
it
77%
me
77%
on
77%
would
77%
Before
69%
fly
69%
in
69%
it's
69%
last
69%
moment
69%
not
69%
Talking
69%
that
69%
want
69%
was
69%
We
69%
Why
69%
your
69%
don't
62%
down
62%
enough
62%
eye
62%
go
62%
if
62%
just
62%
know
62%
like
62%
nights
62%
Now
62%
Oh
62%
only
62%
adore
54%
away
54%
brown
54%
can't
54%
could
54%
dark
54%
Darling
54%
eyes
54%
found
54%
from
54%
hand
54%
has
54%
I'll
54%
Let
54%
life
54%
looked
54%
mind
54%
my
54%
noise
54%
red
54%
slow
54%
spent
54%
take
54%
those
54%
time
54%
tonight
54%
voice
54%
you're
54%
alone
46%
barely
46%
bet
46%
changed
46%
discontent
46%
everything
46%
feels
46%
hearing
46%
holding
46%
home
46%
lost
46%
remember
46%
this
46%
us
46%
Wasting
46%
cars
38%
chasing
38%
Playing
38%
stars
38%
thought
38%
art
31%
been
31%
'bout
31%
Drowning
31%
music
31%
Smiling
31%
Something
31%
exists
23%
(ooh)
23%
someone
23%
under
23%
must've
15%

Score Distribution

Percentile by Number Answered

Percent of People with Each Score

Your Score History

You have not taken this quiz